Handbook for pharmacy technicians / (Record no. 15592)
[ view plain ]
| 000 -LEADER | |
|---|---|
| fixed length control field | 01152cam a2200313 a 4500 |
| 001 - CONTROL NUMBER | |
| control field | 15592 |
| 003 - CONTROL NUMBER IDENTIFIER | |
| rucl marc code | BD-RjUL |
| 005 - DATE AND TIME OF LATEST TRANSACTION | |
| control field | 20211208235842.0 |
| 008 - FIXED-LENGTH DATA ELEMENTS--GENERAL INFORMATION | |
| fixed length control field | 140210s1953 nyu sbf 001 0 eng d |
| 020 ## - INTERNATIONAL STANDARD BOOK NUMBER | |
| Canceled/invalid ISBN | 9781585282791 (e-book) |
| 035 ## - SYSTEM CONTROL NUMBER | |
| System control number | (CaPaEBR)ebr10739957 |
| -- | (BD-RjUL)15647 |
| System control number | (NNC)10594976 |
| 040 ## - CATALOGING SOURCE | |
| Original cataloging agency | CaPaEBR |
| Transcribing agency | CaPaEBR |
| Language of cataloging | eng |
| Modifying agency | BD-RjUL |
| 041 ## - LANGUAGE CODE | |
| Language code of text/sound track or separate title | eng |
| 082 04 - DEWEY DECIMAL CLASSIFICATION NUMBER | |
| Classification number | 344.730416 |
| Edition number | 22 |
| Author mark and year | COH 1953 |
| 100 1# - MAIN ENTRY--PERSONAL NAME | |
| Personal name | Collins, Lawton J. |
| 9 (RLIN) | 48398 |
| 245 10 - TITLE STATEMENT | |
| Title | Handbook for pharmacy technicians / |
| 260 ## - PUBLICATION, DISTRIBUTION, ETC. (IMPRINT) | |
| Place of publication, distribution, etc. | Washington : |
| Name of publisher, distributor, etc. | American Society of Health-System Pharmacists, |
| Date of publication, distribution, etc. | 1953. |
| 300 ## - PHYSICAL DESCRIPTION | |
| Pagination | vi, 298p. : |
| Size | 19 cm. |
| 504 ## - BIBLIOGRAPHY, ETC. NOTE | |
| Bibliography, etc | Includes bibliographical references and index. |
| 650 #0 - SUBJECT ADDED ENTRY--TOPICAL TERM | |
| Topical term or geographic name as entry element | Pharmacy |
| General subdivision | Law and legislation |
| Geographic subdivision | United States. |
| 9 (RLIN) | 39788 |
| Topical term or geographic name as entry element | Drugs |
| General subdivision | Law and legislation |
| Geographic subdivision | United States. |
| 9 (RLIN) | 48399 |
| Topical term or geographic name as entry element | Pharmacy technicians |
| Geographic subdivision | United States |
| Form subdivision | Handbooks, manuals, etc. |
| 9 (RLIN) | 48401 |
| 710 2# - ADDED ENTRY--CORPORATE NAME | |
| Corporate name or jurisdiction name as entry element | ebrary, Inc. |
| 9 (RLIN) | 20060 |
| 856 40 - ELECTRONIC LOCATION AND ACCESS | |
| Uniform Resource Identifier | <a href="http://www.columbia.edu/cgi-bin/cul/resolve?clio10594976">http://www.columbia.edu/cgi-bin/cul/resolve?clio10594976</a> |
| Public note | Click here for full text. |
| 942 ## - ADDED ENTRY ELEMENTS (KOHA) | |
| Source of classification or shelving scheme | Dewey Decimal Classification |
| Koha item type | Books |
| Lost status | Source of classification or shelving scheme | Damaged status | Not for loan | Collection code | Permanent Location | Current Location | Shelving location | Date acquired | Source of acquisition | Total Checkouts | Full call number | Date last seen | Copy number | Koha item type |
|---|---|---|---|---|---|---|---|---|---|---|---|---|---|---|
| Dewey Decimal Classification | Not For Loan | Non-fiction | Central Library, University of Rajshahi | Central Library, University of Rajshahi | Reading Room | 19/02/1958 | U.S.I.S. | 344.730416 COH 1953 | 10/02/2014 | C-1 | Books |